[Event "NZL-ch op 132nd"]
[Site "Wellington"]
[Date "2025.01.09"]
[Round "8"]
[White "Liu, William Rui"]
[Black "Gong, Daniel Hanwen"]
[Result "0-1"]
[WhiteElo "1947"]
[BlackElo "2191"]
[PlyCount "74"]
[EventDate "2025.01.02"]
[EventType "swiss"]
[EventRounds "9"]
[EventCountry "NZL"]
[SourceTitle "CB03_2025"]
[SourceDate "2025.01.15"]
[SourceVersion "1"]
[SourceVersionDate "2025.01.15"]
[SourceQuality "1"]

1. e4 c5 2. Nf3 a6 3. c4 Nc6 4. d4 cxd4 5. Nxd4 Nf6 6. Nc3 e5 7. Nc2 Bc5 8. Be2 d6 9. 0-0 0-0 10. Bg5 h6 11. Bxf6 Qxf6 12. Nd5 Qg5 13. b4 Bd4 14. Rb1 Bh3 15. Bf3 b5 16. Kh1 Be6 17. a4 bxc4 18. b5 axb5 19. axb5 Na5 20. Nc7 Rac8 21. Nxd4 exd4 22. Qxd4 Nb3 23. Qxd6 Nd2 24. b6 Nxf1 25. Rxf1 c3 26. Qd4 Qa5 27. h3 Rfd8 28. Qe3 Bc4 29. Rc1 Rd3 30. b7 Rb8 31. Qf4 Rxb7 32. Nd5 Bxd5 33. exd5 Qc5 34. d6 Rd7 35. Re1 R3xd6 36. Re8+ Kh7 37. Be4+ g6 0-1

[Event "Sydney-ch"]
[Site "Sydney"]
[Date "2024.07.07"]
[Round "3"]
[White "Liu, William Rui"]
[Black "Bayaca, Sterling"]
[Result "0-1"]
[WhiteElo "1903"]
[BlackElo "2186"]
[PlyCount "70"]
[EventDate "2024.07.06"]
[EventType "swiss"]
[EventRounds "9"]
[EventCountry "AUS"]
[SourceTitle "CBM 221 Extra"]
[Source "ChessBase"]
[SourceDate "2024.09.30"]
[SourceVersion "1"]
[SourceVersionDate "2024.09.30"]
[SourceQuality "1"]

1. e4 e5 2. Nf3 Nc6 3. d4 exd4 4. Bc4 Bc5 5. c3 Nf6 6. cxd4 Bb4+ 7. Bd2 Nxe4 8. Bxb4 Nxb4 9. Bxf7+ Kxf7 10. Qb3+ Kf8 11. Qxb4+ Qe7 12. Qxe7+ Kxe7 13. 0-0 Nf6 14. Re1+ Kd8 15. Nc3 d6 16. Rac1 Bd7 17. Ng5 Rf8 18. Ne6+ Bxe6 19. Rxe6 Kd7 20. Rce1 Rae8 21. Rxe8 Nxe8 22. f3 c6 23. b4 Nc7 24. Kf2 Ra8 25. Rb1 Rc8 26. Ke3 b5 27. Rd1 a5 28. a3 Ra8 29. d5 axb4 30. axb4 Ra3 31. dxc6+ Kxc6 32. Rd3 Rb3 33. Na2 Rb2 34. Rd2 Nd5+ 35. Kd3 Rxa2 0-1

[Event "North Island-ch Staurt Memorial"]
[Site "Auckland"]
[Date "2023.07.13"]
[Round "1"]
[White "Lu, Xiahan Luna"]
[Black "Liu, William Rui"]
[Result "0-1"]
[WhiteElo "1500"]
[BlackElo "1854"]
[PlyCount "128"]
[EventDate "2023.07.13"]
[EventType "swiss"]
[EventRounds "8"]
[EventCountry "NZL"]
[SourceTitle "EXT 2024"]
[Source "ChessBase"]
[SourceDate "2023.10.10"]
[SourceVersion "1"]
[SourceVersionDate "2023.10.10"]
[SourceQuality "1"]

1. d4 d5 2. c4 e6 3. Nc3 Nf6 4. Bg5 Bb4 5. e3 0-0 6. Nf3 h6 7. Bh4 c6 8. Bd3 Nbd7 9. 0-0 Re8 10. Ne5 Bd6 11. Ng4 Be7 12. Nxf6+ Bxf6 13. Bxf6 Nxf6 14. e4 dxe4 15. Nxe4 Qxd4 16. Nd6 e5 17. Nxe8 Nxe8 18. Qc2 Be6 19. Rfd1 Qc5 20. Rac1 Nf6 21. Bf5 Bxf5 22. Qxf5 Re8 23. b3 Qb6 24. Rd6 e4 25. Re1 e3 26. fxe3 Rxe3 27. Rxe3 Qxe3+ 28. Kf1 Qe7 29. Rd2 g6 30. Qf3 Kg7 31. Re2 Qd6 32. Qg3 Qd1+ 33. Qe1 Qd6 34. Qg3 Qd1+ 35. Qe1 Qd4 36. Qf2 Qd6 37. Qg3 Qd4 38. Qf2 Qc3 39. Qg3 Qc1+ 40. Qe1 Qf4+ 41. Qf2 Qxh2 42. Re7 Qh1+ 43. Ke2 Qh5+ 44. Ke1 Qa5+ 45. Kf1 Qd8 46. Rxb7 Qd1+ 47. Qe1 Qd3+ 48. Qe2 Qb1+ 49. Kf2 Ne4+ 50. Kf3 Ng5+ 51. Kf2 Qf5+ 52. Ke1 Qb1+ 53. Kf2 Ne4+ 54. Kf3 Nf6 55. Kf2 h5 56. Rxa7 Ng4+ 57. Kg3 Qf5 58. Qb2+ Kh7 59. Qe2 h4+ 60. Kxh4 g5+ 61. Kg3 Qf4+ 62. Kh3 Qh2+ 63. Kxg4 Qf4+ 64. Kh3 Qh4# 0-1

[Event "Auckland Trusts op 45th"]
[Site "Auckland"]
[Date "2023.06.05"]
[Round "5"]
[White "Liu, William Rui"]
[Black "Weng, Winston"]
[Result "0-1"]
[WhiteElo "1821"]
[BlackElo "1693"]
[PlyCount "126"]
[EventDate "2023.06.03"]
[EventType "swiss"]
[EventRounds "6"]
[EventCountry "NZL"]
[SourceTitle "EXT 2024"]
[Source "ChessBase"]
[SourceDate "2023.10.10"]
[SourceVersion "1"]
[SourceVersionDate "2023.10.10"]
[SourceQuality "1"]

1. e4 c5 2. Nf3 e6 3. d4 cxd4 4. Nxd4 Nc6 5. Nc3 Qc7 6. Be3 a6 7. Qd2 Nf6 8. 0-0-0 Bb4 9. f3 Ne5 10. Nb3 b5 11. Qe1 Bxc3 12. Qxc3 Qxc3 13. bxc3 0-0 14. Bc5 Re8 15. Bd6 Nc6 16. g4 Rd8 17. Bc7 Rf8 18. Bd6 Rd8 19. Bc7 Rf8 20. Nc5 Ne8 21. Bg3 Ra7 22. Bh3 g5 23. Bg2 e5 24. h4 d6 25. Nb3 f6 26. Bf2 Rg7 27. hxg5 fxg5 28. Be3 Nd8 29. Rh5 Nf7 30. Na5 Be6 31. Kb2 Nf6 32. Rh2 d5 33. Bc5 Re8 34. exd5 Bxd5 35. Re1 Nd7 36. Bb4 Rg6 37. Rhh1 Rf6 38. Rd1 Nb6 39. Rd3 Nc4+ 40. Nxc4 Bxc4 41. Re3 Bd5 42. Rd1 Bc6 43. Rde1 e4 44. fxe4 Ne5 45. Rg3 Rf4 46. Kc1 Rxg4 47. Rxg4 Nxg4 48. Bf3 Nf6 49. Rg1 h6 50. e5 Bxf3 51. exf6 g4 52. Be7 h5 53. Kd2 Kf7 54. Ke3 h4 55. Kf2 Rh8 56. Bd6 h3 57. Bh2 Re8 58. Re1 Rxe1 59. Kxe1 Kxf6 60. Kf2 Ke6 61. Ke3 Kd5 62. Kd3 Be4+ 63. Kd2 Bxc2 0-1

[Event "Auckland Trusts op 45th"]
[Site "Auckland"]
[Date "2023.06.04"]
[Round "3"]
[White "Liu, William Rui"]
[Black "Zhu, David Junyang"]
[Result "1-0"]
[WhiteElo "1821"]
[BlackElo "1657"]
[PlyCount "115"]
[EventDate "2023.06.03"]
[EventType "swiss"]
[EventRounds "6"]
[EventCountry "NZL"]
[SourceTitle "EXT 2024"]
[Source "ChessBase"]
[SourceDate "2023.10.10"]
[SourceVersion "1"]
[SourceVersionDate "2023.10.10"]
[SourceQuality "1"]

1. e4 c5 2. Nf3 d6 3. d4 cxd4 4. Nxd4 Nf6 5. Nc3 a6 6. Be3 e5 7. Nf3 Be7 8. Bc4 0-0 9. 0-0 Be6 10. Bb3 Nc6 11. Bg5 Nd7 12. Bxe7 Qxe7 13. Nd5 Bxd5 14. Bxd5 Nf6 15. c3 Rac8 16. Qd3 Rfd8 17. Rfd1 Nxd5 18. Qxd5 h6 19. h3 Qe6 20. Ne1 Qxd5 21. Rxd5 Ne7 22. Rd2 f5 23. Rad1 Rc6 24. exf5 Nxf5 25. Rd5 Kf7 26. Rxe5 dxe5 27. Rxd8 Rd6 28. Rc8 Rd1 29. Kf1 Kf6 30. Rf8+ Ke6 31. Re8+ Kf6 32. Ke2 Rb1 33. Nd3 Nd6 34. Rxe5 Rxb2+ 35. Nxb2 Kxe5 36. Ke3 g5 37. g4 Nc8 38. c4 b5 39. Nd3+ Kd6 40. cxb5 axb5 41. Ke4 Ne7 42. Ne5 Ke6 43. Nf3 Nc6 44. Nd4+ Nxd4 45. Kxd4 Kd6 46. Ke4 Kc5 47. f4 gxf4 48. h4 f3 49. Kxf3 Kb4 50. g5 hxg5 51. hxg5 Ka3 52. g6 b4 53. g7 Kxa2 54. g8Q+ b3 55. Ke2 Ka1 56. Kd2 b2 57. Qa8+ Kb1 58. Kc3 1-0

[Event "Arie Nijman Memorial"]
[Site "Christchurch"]
[Date "2023.05.20"]
[Round "2"]
[White "Liu, William Rui"]
[Black "Familton, Gregory"]
[Result "1-0"]
[WhiteElo "1821"]
[BlackElo "1575"]
[PlyCount "81"]
[EventDate "2023.05.19"]
[EventType "swiss"]
[EventRounds "6"]
[EventCountry "NZL"]
[SourceTitle "EXT 2024"]
[Source "ChessBase"]
[SourceDate "2023.10.10"]
[SourceVersion "1"]
[SourceVersionDate "2023.10.10"]
[SourceQuality "1"]

1. e4 c5 2. Nf3 e6 3. d4 cxd4 4. Nxd4 Nc6 5. Nxc6 bxc6 6. Bd3 d5 7. 0-0 Nf6 8. Nc3 Be7 9. Re1 0-0 10. e5 Nd7 11. Bf4 a5 12. Qg4 f5 13. Qg3 Ba6 14. Rad1 Bxd3 15. Rxd3 Rb8 16. b3 Bb4 17. Re2 Nc5 18. Rd1 Bxc3 19. Qxc3 Qb6 20. Be3 Ne4 21. Qb2 Qb4 22. a3 Qc3 23. Qc1 Qxe5 24. Bf4 Qf6 25. Bxb8 Rxb8 26. Rde1 Re8 27. f3 Ng5 28. Qf4 h6 29. Qd6 Qc3 30. Kh1 c5 31. h4 Nf7 32. Qd7 Rd8 33. Qxe6 a4 34. Qg6 Rf8 35. Re8 axb3 36. Qxf5 bxc2 37. Rxf8+ Kxf8 38. Qc8+ Nd8 39. Qxd8+ Kf7 40. Qe8+ Kf6 41. Qe6# 1-0

[Event "NZL-ch op-A 130th"]
[Site "Wellington"]
[Date "2023.01.08"]
[Round "7"]
[White "Liu, William Rui"]
[Black "Thomas, Benjamin"]
[Result "1-0"]
[WhiteElo "1760"]
[BlackElo "2038"]
[PlyCount "107"]
[EventDate "2023.01.02"]
[EventType "swiss"]
[EventRounds "9"]
[EventCountry "NZL"]
[SourceTitle "CBM 212 Extra"]
[Source "ChessBase"]
[SourceDate "2023.03.31"]
[SourceVersion "1"]
[SourceVersionDate "2023.03.31"]
[SourceQuality "1"]

1. e4 d5 2. exd5 Qxd5 3. Nc3 Qa5 4. d4 Nf6 5. Nf3 Bf5 6. Bc4 e6 7. 0-0 c6 8. Bd2 Qd8 9. Bf4 Be7 10. Ne2 Nbd7 11. Ng3 Bg4 12. h3 Bxf3 13. Qxf3 Nb6 14. Qd3 Nxc4 15. Qxc4 Qd5 16. Qxd5 cxd5 17. Rfe1 Kd7 18. a4 Rhc8 19. c3 Ne8 20. Nf1 g5 21. Bg3 f5 22. Nd2 f4 23. Bh2 Nd6 24. Re2 Nf7 25. Rae1 Rc6 26. Nf3 h5 27. h4 g4 28. Ne5+ Nxe5 29. Rxe5 Rh8 30. R5e2 Rf8 31. Re5 Bd6 32. Rg5 Rf5 33. Rg7+ Be7 34. Re5 Rxe5 35. dxe5 Rc4 36. b3 Re4 37. f3 gxf3 38. gxf3 Re1+ 39. Kf2 Rb1 40. Bxf4 Ke8 41. Bg5 Bc5+ 42. Ke2 Rxb3 43. Kd2 a5 44. f4 b5 45. f5 Bf8 46. Ra7 bxa4 47. f6 Rb2+ 48. Ke1 Rb1+ 49. Ke2 Rb2+ 50. Kf3 Rf2+ 51. Kxf2 Bc5+ 52. Be3 Bxa7 53. Bxa7 a3 54. Bd4 1-0

[Event "North Island-ch"]
[Site "Auckland"]
[Date "2022.07.16"]
[Round "7"]
[White "Liu, William Rui"]
[Black "Po E Tofaeono, Hunter"]
[Result "1/2-1/2"]
[WhiteElo "1692"]
[BlackElo "1452"]
[PlyCount "89"]
[EventDate "2022.07.14"]
[EventType "swiss"]
[EventRounds "9"]
[EventCountry "NZL"]
[SourceTitle "EXT 2024"]
[Source "ChessBase"]
[SourceDate "2023.10.10"]
[SourceVersion "1"]
[SourceVersionDate "2023.10.10"]
[SourceQuality "1"]

1. e4 c5 2. Nf3 Nc6 3. d4 cxd4 4. Nxd4 Nf6 5. Nc3 e5 6. Ndb5 d6 7. Bg5 a6 8. Na3 Be7 9. Bxf6 Bxf6 10. Nc4 Nd4 11. Nd5 Be6 12. Ncb6 Bxd5 13. Nxd5 0-0 14. c3 Ne6 15. Be2 Nf4 16. 0-0 Nxd5 17. Qxd5 Qb6 18. Qb3 Qxb3 19. axb3 b5 20. Ra2 Rfb8 21. Rd1 Be7 22. Rd5 g6 23. Bg4 Ra7 24. g3 h5 25. Bh3 Rb6 26. Kg2 Bg5 27. Kf3 Rc7 28. Rd1 Kf8 29. Raa1 Ke7 30. Rd5 Rcc6 31. Bf1 Rc5 32. c4 b4 33. h4 Bh6 34. Rad1 a5 35. Rxc5 dxc5 36. Rd5 Rc6 37. Rxe5+ Kf8 38. Rd5 Ke7 39. Bh3 Rc7 40. Rd1 Bg7 41. Rd2 Bd4 42. Kg2 Ra7 43. Kf3 a4 44. bxa4 Rxa4 45. b3 1/2-1/2

[Event "Auckland Stuart Memorial op"]
[Site "Auckland"]
[Date "2022.06.26"]
[Round "5"]
[White "Liu, William Rui"]
[Black "Cilia Vincenti, David"]
[Result "1/2-1/2"]
[WhiteElo "1535"]
[BlackElo "1935"]
[PlyCount "88"]
[EventDate "2022.06.24"]
[EventType "swiss"]
[EventRounds "6"]
[EventCountry "NZL"]
[SourceTitle "EXT 2024"]
[Source "ChessBase"]
[SourceDate "2023.10.10"]
[SourceVersion "1"]
[SourceVersionDate "2023.10.10"]
[SourceQuality "1"]

1. e4 c6 2. d4 d5 3. exd5 cxd5 4. Bd3 Nc6 5. c3 Nf6 6. Bf4 Bg4 7. Qb3 Qd7 8. Nd2 e6 9. Ngf3 Bd6 10. Bxd6 Qxd6 11. 0-0 0-0 12. Rae1 Bxf3 13. Nxf3 Qc7 14. Ne5 Nxe5 15. dxe5 Nd7 16. Qd1 Nxe5 17. Bxh7+ Kxh7 18. Qh5+ Kg8 19. Rxe5 g6 20. Qg5 Kg7 21. Qe3 Qb6 22. Qd2 Rh8 23. Rfe1 Rh4 24. R1e3 Rah8 25. h3 Rf4 26. Rd3 Rfh4 27. Rde3 a6 28. Rf3 R8h5 29. Qe2 Qc7 30. Rxh5 Rxh5 31. Qe3 e5 32. Qd2 e4 33. Qd4+ Qe5 34. Re3 Qxd4 35. cxd4 Rh8 36. Rb3 b5 37. Rc3 Re8 38. Rc5 e3 39. fxe3 Rxe3 40. Rxd5 Re1+ 41. Kh2 Re2 42. Rd6 a5 43. Rb6 Rxb2 44. a4 Rb4 1/2-1/2

[Event "NZL-ch U18 op"]
[Site "Christchurch"]
[Date "2022.01.04"]
[Round "2"]
[White "Liu, William Rui"]
[Black "Dharmasena, Gavith"]
[Result "0-1"]
[WhiteElo "1398"]
[BlackElo "1771"]
[PlyCount "62"]
[EventDate "2022.01.03"]
[EventType "swiss"]
[EventRounds "7"]
[EventCountry "NZL"]
[SourceTitle "EXT 2024"]
[Source "ChessBase"]
[SourceDate "2023.10.10"]
[SourceVersion "1"]
[SourceVersionDate "2023.10.10"]
[SourceQuality "1"]

1. e4 e5 2. Nf3 Nc6 3. d4 exd4 4. Bc4 Nf6 5. e5 d5 6. Bb5 Ne4 7. Nxd4 Bc5 8. Nxc6 Bxf2+ 9. Kf1 bxc6 10. Bxc6+ Kf8 11. b4 Bd7 12. Bxd7 Qxd7 13. Nd2 Bd4 14. Rb1 Nf2 15. Qf3 Nxh1 16. Nb3 Qb5+ 17. Ke1 Bf2+ 18. Kd2 Qf1 19. Qxd5 Be1+ 20. Ke3 Qg1+ 21. Ke2 Qf2+ 22. Kd1 Ke7 23. Bg5+ f6 24. exf6+ gxf6 25. Bxf6+ Qxf6 26. Qe4+ Kf7 27. Qxe1 Nf2+ 28. Kc1 Rhe8 29. Qf1 Rad8 30. Qc4+ Kg6 31. c3 Nd3+ 0-1